«Атлетико Мадрид» - Армагеддон - Statistics

General Stats
  • This quiz has been taken 39 times
    14 since last reset
  • The average score is 21 of 50
Answers on the Grid
Answers color-coded by a green-red scale on the quiz's grid according to % correct below.
Ян Облак
Фредерик Кануте
Коке
Санти Касорла
Антуан Гризманн
Яго Аспас
Диего Симеоне
Александер Сёрлот
Стивен Нзонзи
Маркос Льоренте
Марк Бартра
Александр Мостовой
Хулиан Альварес
Седрик Бакамбу
Иван Саморано
Клеман Лангле
Карлес Пуйоль
Макси Родригес
Томаш Уйфалуши
Луиш Фигу
Клаудио Браво
Зинедин Зидан
Хоакин Санчес
Сесар Аспиликуэта
Нихат Кахведжи
Роналдиньо
Арда Туран
Эмерик Ляпорт
Хаби Алонсо
Лукас Эрнандес
Тома Лемар
Микель Оярсабаль
Гжегож Крыховяк
Хесус Навас
Давид Вилья
Такэфуса Кубо
Артур Мело
Икер Касильяс
Христо Стоичков
Филипе Луис
Анхель Корреа
Иван Ракитич
Стефан Савич
Иско
Йохан Кройф
Пеп Гвардиола
Бернд Шустер
Михаэль Баллак
Зе Роберто
Сауль Ньигес
Маттео Руджери
Томас Парти
Виктор Вальдес
Радек Бейбл
Паулу Футре
Нико Уильямс
Янник Карраско
Лео Франко
Димитр Бербатов
Луис Арагонес
Патрик Шик
Марко Асенсио
Аксель Витсель
Хосе Мари
Рауль Гарсия
Винисиус Жуниор
Ференц Пушкаш
Маноло
Фернандо Торрес
Хосе Антонио Рейес
Диего Коста
Ривалдо
Милинко Пантич
Вальтер Пандиани
Люка Эрнандес
Диего Тристан
Марио Эрмосо
Тибо Куртуа
Миранда
Рой Макай
Карим Бензема
Серхио Агуэро
Альберт Луке
Альваро Мората
Абель Ресино
Уго Санчес
Давид де Хеа
Габи
Аднан Янузай
Келечи Ихеаначо
Диего Форлан
Алексис Санчес
Науэль Молина
Радамель Фалькао
Унаи Симон
Кристиан Вьери
Иньяки Уильямс
Альваро Негредо
Диего Годин
 
Answer Stats
Answer % Correct
Александер Сёрлот
86%
Сесар Аспиликуэта
86%
Арда Туран
86%
Анхель Корреа
86%
Миранда
86%
Диего Годин
86%
Филипе Луис
71%
Фернандо Торрес
71%
Альваро Мората
71%
Габи
71%
Ян Облак
57%
Коке
57%
Антуан Гризманн
57%
Диего Симеоне
57%
Маркос Льоренте
57%
Хулиан Альварес
57%
Клеман Лангле
57%
Тома Лемар
57%
Давид Вилья
57%
Томас Парти
57%
Аксель Витсель
57%
Диего Коста
57%
Диего Форлан
57%
Науэль Молина
57%
Радамель Фалькао
57%
Лукас Эрнандес
43%
Стефан Савич
43%
Сауль Ньигес
43%
Янник Карраско
43%
Марио Эрмосо
43%
Тибо Куртуа
43%
Серхио Агуэро
43%
Давид де Хеа
43%
Макси Родригес
29%
Бернд Шустер
29%
Маттео Руджери
29%
Хосе Антонио Рейес
14%
Люка Эрнандес
14%
Уго Санчес
14%
Томаш Уйфалуши
0%
Радек Бейбл
0%
Паулу Футре
0%
Лео Франко
0%
Луис Арагонес
0%
Хосе Мари
0%
Рауль Гарсия
0%
Маноло
0%
Милинко Пантич
0%
Абель Ресино
0%
Кристиан Вьери
0%
No matching quizzes found
Score Distribution
Percent of People with Each Score
Percentile by Number Answered
Your Score History
You have not taken this quiz since the last reset